Statistics for 15-新潟県の市町村クイズ

Click here to take the quiz!

General Stats

  • This quiz has been taken 747 times
    (524 since last reset)
  • The average score is 19 of 30

Answers on the Map

Answers color-coded by a green-red scale on the quiz's map according to % correct below.
 

Answer Stats

Answer% Correct
佐渡さど
94%
新潟にいがた
91%
村上むらかみ
82%
長岡ながおか
79%
上越じょうえつ
78%
粟島浦あわしまうらむら
74%
糸魚川いといがわ
72%
妙高みょうこう
72%
新発田しばた
70%
柏崎かしわざき
68%
聖籠せいろうまち
68%
南魚沼みなみうおぬま
68%
胎内たいない
63%
十日町とおかまち
63%
湯沢ゆざわまち
62%
魚沼うおぬま
61%
刈羽かりわむら
61%
三条さんじょう
59%
小千谷おぢや
58%
関川せきかわむら
58%
つばめ
58%
阿賀野あがの
56%
弥彦やひこむら
56%
津南つなんまち
55%
阿賀あがまち
54%
五泉ごせん
51%
出雲崎いずもざきまち
50%
加茂かも
48%
田上たがみまち
47%
見附みつけ
46%

Score Distribution

Percentile by Number Answered

Percent of People with Each Score

Your Score History

You have not taken this quiz since the last reset